000 00430nam a2200181Ia 4500
003 OSt
005 20240212102929.0
008 210210b1924 xxu||||| |||| 00| 0 eng d
040 _cAL
041 _aeng
082 _a825/704
100 _aRALEIGH (W)
_9150475
245 _aRobert louis stevenson
260 _aLondon
_bEdward Arnold & Co
_c1924
690 _aEnglish Criticism
_9150476
906 _a015020
942 _2ddc
_cBK
999 _c134261
_d134261